000 00297 a2200121 4500
001 147050
040 _cEscola São Tomás de Aquino
100 _aIACOCCA, Liliana
240 1 0 _aO gato e o novelo de lã
_lpor
245 1 0 _aO gato e o novelo de lã
697 _a*LITERATURA INFANTIL
942 _cBK
999 _c147050
_d147050